000 00664nam a2200253Ia 4500
003 OSt
005 20221006145104.0
006 a|||||r|||| 00| 0
007 ta
008 221006b |||||||| |||| 00| 0 eng d
020 _c145.00
024 _a13,749
037 _cTextual
040 _aEASL
_cEASL
_beng
041 _2eng
_aeng
082 _aV56y7N03, L8
100 _aLEACH Bernard
_9413075
245 0 _aBeyond east and west
_b Memoirs portraits and essays
260 _aLondon
_bFaber & Faber
_c1978
300 _a320p.
_ccm.
490 _v Oth
942 _hV56y7N03, L8
_cTEXL
_2CC
999 _c1081835
_d1081835